<?xml version="1.0" encoding="UTF-8"?><?xml-stylesheet type="text/xsl" href="static/style.xsl"?><OAI-PMH xmlns="http://www.openarchives.org/OAI/2.0/" xmlns:xsi="http://www.w3.org/2001/XMLSchema-instance" xsi:schemaLocation="http://www.openarchives.org/OAI/2.0/ http://www.openarchives.org/OAI/2.0/OAI-PMH.xsd"><responseDate>2026-06-01T02:09:00Z</responseDate><request verb="GetRecord" identifier="oai:docta.ucm.es:20.500.14352/116983" metadataPrefix="marc">https://docta.ucm.es/rest/oai/request</request><GetRecord><record><header><identifier>oai:docta.ucm.es:20.500.14352/116983</identifier><datestamp>2025-01-29T16:01:11Z</datestamp><setSpec>com_20.500.14352_14</setSpec><setSpec>col_20.500.14352_21</setSpec></header><metadata><record xmlns="http://www.loc.gov/MARC21/slim" xmlns:dcterms="http://purl.org/dc/terms/" xmlns:xsi="http://www.w3.org/2001/XMLSchema-instance" xmlns:doc="http://www.lyncode.com/xoai" xsi:schemaLocation="http://www.loc.gov/MARC21/slim http://www.loc.gov/standards/marcxml/schema/MARC21slim.xsd">
   <leader>00925njm 22002777a 4500</leader>
   <datafield ind2=" " ind1=" " tag="042">
      <subfield code="a">dc</subfield>
   </datafield>
   <datafield ind2=" " ind1=" " tag="720">
      <subfield code="a">Morales Hernández, Javier</subfield>
      <subfield code="e">author</subfield>
   </datafield>
   <datafield ind2=" " ind1=" " tag="260">
      <subfield code="c">2016-05-24</subfield>
   </datafield>
   <datafield ind2=" " ind1=" " tag="520">
      <subfield code="a">La crisis en Ucrania ha sido resultado de la deficiente gestión de sus sucesivos gobernantes y de las fracturas dentro de la sociedad; así como de la intervención de actores externos que han alentado y utilizado estas divisiones para sus propios fines. Ante todo, la raíz del conflicto ha sido la falta de consenso entre los propios ucranianos sobre la identidad nacional y la orientación de la política exterior; no se trata de un simple tablero de ajedrez geopolítico en el que Occidente y Rusia estén jugando la partida de una nueva Guerra Fría. Pero además de estos factores autóctonos, la interferencia de distintos actores externos contribuyó de forma notable a transformar la crisis en un conflicto armado: desde el apoyo político y económico proporcionado al Euromaidán y al Gobierno surgido de este por la UE, la OTAN y EEUU, hasta la intervención militar de Rusia con tropas sobre el terreno.</subfield>
   </datafield>
   <datafield ind1="8" ind2=" " tag="024">
      <subfield code="a">978-84-15544-79-1</subfield>
   </datafield>
   <datafield ind1="8" ind2=" " tag="024">
      <subfield code="a">https://hdl.handle.net/20.500.14352/116983</subfield>
   </datafield>
   <datafield ind1="8" ind2=" " tag="024">
      <subfield code="a">https://www.comunicacionsocial.es/libro/ucrania-de-la-revolucion-del-maidan-a-la-guerra-del-donbass_108009/</subfield>
   </datafield>
   <datafield ind2="0" ind1="0" tag="245">
      <subfield code="a">Ucrania entre Occidente y Rusia: la dimensión internacional del conflicto</subfield>
   </datafield>
</record></metadata></record></GetRecord></OAI-PMH>